01011nam a22002537a 450000500170000000800410001704000250005804100080008304400070009124501410009826000710023930000190031050002090032950500060053865000380054465000360058265000310061865000130064965000190066265000120068165100220069365100290071566200130074420200104041628.0131203b2003 ck ||||| |||| 00| 0 spa d aCO-BoIAVHcCO-BoIAVH aspa ack00aAprovechamiento sostenible de hicoteas, patos pisingos e iguanas en la ciénaga de baño,cotocá, Arriba Municipio de Lorica, Cordoba aBogotábMinambientebInstituto Alexander von HumboldtbCVCc2003 a306 p.c28 cm. aPrograma : Uso y Valoración de Biodiversidad Proyecto,Generación de alternativas productivas para el uso sostenible de la fauna silvestre como estrategia para disminuir el tráfico ilegal del recurso a  4aUso sostenible de fauna silvestre 4aConservación de biodiversidad 4aAprovechamiento sostenible 4aHicoteas 4aPatos pisingos 4aIguanas aColombiazcaqueta aColombiazLorica Cordoba aColombia